La génesis de la dialéctica: en la mutación de la imagen de los presocráticos
Salvato in:
| Autore principale: | |
|---|---|
| Natura: | Libro |
| Lingua: | spagnolo |
| Pubblicazione: |
Buenos Aires
Juárez Editor
1968
|
| Edizione: | 1a. ed |
| Serie: | Colección Paideuma
|
| Soggetti: | |
| Tags: |
Aggiungi Tag
Nessun Tag, puoi essere il primo ad aggiungerne!!
|
MARC
| LEADER | 00000cam a2200000 a 4500 | ||
|---|---|---|---|
| 001 | UCE3139 | ||
| 003 | CL-VaPUC | ||
| 008 | 140814e19680000ag |||||||||||||||||spa|d | ||
| 082 | 0 | 4 | |a 185 |b AST |2 21 |
| 100 | 0 | |a Astrada, Carlos |e author |9 575642 | |
| 245 | 1 | 3 | |a La génesis de la dialéctica: en la mutación de la imagen de los presocráticos |
| 250 | |a 1a. ed | ||
| 300 | |a 74 p | ||
| 942 | |c BK | ||
| 945 | |d 20140814 14:58:00 |a arojas | ||
| 260 | |a Buenos Aires |b Juárez Editor |c 1968 | ||
| 650 | 0 | |a Dialéctica |9 257902 | |
| 650 | 0 | |a Filosofía antigua |9 255705 | |
| 583 | |a last modification |c 20140819 12:41:55 |k Rodrigo Vera | ||
| 490 | 0 | |a Colección Paideuma | |
| 999 | |c 356588 |d 356586 | ||
| 952 | |0 0 |1 0 |3 erb |4 0 |6 185_000000000000000_AST_1968 |7 0 |8 A |9 464035 |a BIBEDU |b BIBEDU |i 5002907 |l 1 |o 185 AST 1968 |p 5002907 |r 2023-08-10 |s 2023-07-14 |w 2019-11-23 |y BK |z Catalogado en:20140814 |k FIL | ||